| 000 | 01080nam a2200253 u 4500 | ||
|---|---|---|---|
| 001 | 000785626 | ||
| 003 | AM-YeHGA | ||
| 005 | 20250617144057.0 | ||
| 008 | 110127s1973 ||||||||r|||||000|0|rus|d | ||
| 040 | _aAM-YeHGA | ||
| 041 | 0 | _arus | |
| 245 | 0 | 0 |
_aТранспортная функция лимфы в животном организме / _cОтв. ред. Х.Х. Айсон ; Институт экспериментальной биологии АН ЭССР. |
| 260 |
_aТаллин : _b[Б. и.], _c1973. |
||
| 300 |
_a60 с. : _bил., табл. ; _c20 см. |
||
| 504 | _aБиблиогр. в конце ст. | ||
| 650 | 1 | 4 | _aЛимфа |
| 650 | 1 | 4 |
_aЛимфатическая система _xФизиология _xПатофизиология |
| 650 | 1 | 4 | _aМетаболические процессы |
| 650 | 1 | 4 | _aБиологический транспорт |
| 650 | 1 | 4 | _aЖивотное |
| 700 | 1 |
_aАйсон, Х.Х. _eред. _4edt |
|
| 710 | 2 | _aИнститут экспериментальной биологии АН ЭССР | |
| 090 | _c288769 | ||
| 999 |
_c287101 _d287101 |
||